Studies in ancient technology / (Record no. 136510)
[ view plain ]
| 000 -LEADER | |
|---|---|
| fixed length control field | 00530nam a2200193 4500 |
| 010 ## - LIBRARY OF CONGRESS CONTROL NUMBER | |
| LC control number | 443798 |
| 035 ## - SYSTEM CONTROL NUMBER | |
| System control number | 443798 |
| 037 ## - SOURCE OF ACQUISITION | |
| Source of stock number/acquisition | Cen Lib / Ret |
| 040 ## - CATALOGING SOURCE | |
| Original cataloging agency | DPL |
| Language of cataloging | EN |
| 082 ## - DEWEY DECIMAL CLASSIFICATION NUMBER | |
| Classification number | 600 |
| Item number | FOR |
| 100 ## - MAIN ENTRY--PERSONAL NAME | |
| Personal name | Forbes, R. J. |
| 245 ## - TITLE STATEMENT | |
| Title | Studies in ancient technology / |
| Statement of responsibility, etc | by R. J. Forbes |
| 260 ## - PUBLICATION, DISTRIBUTION, ETC. (IMPRINT) | |
| Place of publication, distribution, etc | Leiden |
| Name of publisher, distributor, etc | E. J. Brill |
| Date of publication, distribution, etc | 1964 |
| 270 ## - ADDRESS | |
| Address | E. J. Brill |
| City | Netherlands |
| 300 ## - PHYSICAL DESCRIPTION | |
| Extent | (v 3. 288 ; v 9. 290) |
| Other physical details | 24cm(Hb) |
| 650 ## - SUBJECT ADDED ENTRY--TOPICAL TERM | |
| Topical term or geographic name as entry element | Technology -- History. |
| 650 ## - SUBJECT ADDED ENTRY--TOPICAL TERM | |
| Topical term or geographic name as entry element | Technology. |
| 942 ## - ADDED ENTRY ELEMENTS (KOHA) | |
| Source of classification or shelving scheme | Dewey Decimal Classification |
| Koha item type | English Books |
| Classification part | 600 |
| Call number suffix | FOR |
| Withdrawn status | Lost status | Source of classification or shelving scheme | Materials specified (bound volume or other part) | Damaged status | Not for loan | Collection code | Home library | Current library | Date acquired | Source of acquisition | Total Checkouts | Full call number | Barcode | Date last seen | Price effective from | Koha item type |
|---|---|---|---|---|---|---|---|---|---|---|---|---|---|---|---|---|
| Dewey Decimal Classification | v 3 | Not For Loan | Reference | Central Library | Central Library | 03/03/2016 | Cen Lib/Ret | 600 FOR | 443798 | 03/03/2016 | 03/03/2016 | English Books | ||||
| Dewey Decimal Classification | v 9 | Not For Loan | Reference | Central Library | Central Library | 04/03/2016 | Cen Lib/Ret | 600 FOR | 432243 | 04/03/2016 | 04/03/2016 | English Books |
